| Tag |
First Indicator |
Second Indicator |
Subfields |
| LEADER |
00000cam a2200000 4500 |
| 001 |
in00000683071 |
| 005 |
20170328112815.0 |
| 008 |
750612s1950 mau 00001 eng u |
| 010 |
|
|
|a 50006755
|
| 035 |
|
|
|a (OCoLC)01387943
|
| 035 |
|
|
|9 ACZ6853AM
|
| 040 |
|
|
|c ORL
|d OCL
|d TXA
|d UtOrBLW
|
| 049 |
|
|
|a TXAM
|c [181159]
|
| 050 |
0 |
0 |
|a PZ3.W16886
|b Ni
|a PS3545.A592
|
| 090 |
|
|
|a PS3545.A592
|b N54 1950
|
| 100 |
1 |
|
|a Walsh, Thomas,
|d 1908-1984.
|
| 245 |
1 |
0 |
|a Nightmare in Manhattan.
|
| 250 |
|
|
|a [1st ed.].
|
| 264 |
|
1 |
|a Boston :
|b Little Brown,
|c 1950.
|
| 300 |
|
|
|a 218 pages ;
|c 20 cm.
|
| 336 |
|
|
|a text
|b txt
|2 rdacontent
|
| 337 |
|
|
|a unmediated
|b n
|2 rdamedia
|
| 338 |
|
|
|a volume
|b nc
|2 rdacarrier
|
| 999 |
|
|
|a MARS
|
| 999 |
f |
f |
|s 03cae5ef-5c63-386d-b9e5-af53c48f24b3
|i c6d32397-5902-3954-b8d8-ca01c1faeb2d
|t 0
|
| 952 |
f |
f |
|p ric
|a Texas A&M University
|b Rellis Campus
|c Joint Library Facility
|d Remote Storage
|t 0
|e PS3545.A592 N54 1950
|h Library of Congress classification
|i unmediated -- volume
|m A14804292680
|
| 998 |
f |
f |
|a PS3545.A592 N54 1950
|t 0
|l Remote Storage
|